Hodnotenie životnej úrovne domácností diplomová práca

Saved in:
Bibliographic Details
Main Author: Lukáčová, Alena
Corporate Author: Podnikovohospodárska fakulta EU so sídlom v Košiciach. Katedra hospodárskej informatiky a matematiky
Other Authors: Megyesiová, Silvia, 1969-
Format: Book
Language:Slovak
Published: Košice 2012
Tags: Add Tag
No Tags, Be the first to tag this record!

MARC

LEADER 00000nbm a2200000 4500
001 0153191
005 20161109102055.5
041 0 |a slo 
044 |a SK 
245 1 0 |a Hodnotenie životnej úrovne domácností  |b diplomová práca  |c Alena Lukáčová ; školiteľ: Silvia Megyesiová 
264 1 |a Košice  |c 2012 
300 |a 59 s. 
100 1 |a Lukáčová, Alena 
700 1 |a Megyesiová, Silvia, 1969- 
710 2 |a Podnikovohospodárska fakulta EU so sídlom v Košiciach. Katedra hospodárskej informatiky a matematiky